书目信息 |
| 题名: |
食品罐藏工艺学
|
|
| 作者: | 李雅飞 编 | |
| 分册: | ||
| 出版信息: | 上海 上海交通大学出版社 1993.02 |
|
| 页数: | 230页 | |
| 开本: | 20cm | |
| 丛书名: | ||
| 单 册: | ||
| 中图分类: | TS205.6 | |
| 科图分类: | ||
| 主题词: | 食品工业 | |
| 电子资源: | ||
| ISBN: | 7-313-01217-9 | |
| 000 | 00599nam0 2200205 450 | |
| 001 | 0832771180 | |
| 005 | 20080918091028.01 | |
| 010 | @a7-313-01217-9@dCNY4.15 | |
| 100 | @a20080918d1993 km y0chiy0120 ea | |
| 101 | 0 | @achi |
| 102 | @aCN@b310000 | |
| 200 | 1 | @a食品罐藏工艺学@Ashi pin guan cang gong yi xue@f李雅飞等编@Fli ya fei deng bian |
| 205 | @a修订本 | |
| 210 | @a上海@c上海交通大学出版社@d1993.02 | |
| 215 | @a230页@d20cm | |
| 606 | 0 | @a食品工业 |
| 690 | @aTS205.6@v4 | |
| 701 | 0 | @a李雅飞@Ali ya fei@4编 |
| 801 | 0 | @aCN@b大连网信软件有限公司图书馆·11@c20080918 |
| 905 | @aBZT@dTS205.6@e170 | |
| 食品罐藏工艺学/李雅飞等编.-修订本.-上海:上海交通大学出版社,1993.02 |
| 230页;20cm |
| ISBN 7-313-01217-9:CNY4.15 |
| ● |
| 相关链接 |
|
|
|
正题名:食品罐藏工艺学
索取号:TS205.6/170
 
预约/预借
| 序号 | 登录号 | 条形码 | 馆藏地/架位号 | 状态 | 备注 |
| 1 | 067131 | 201277028 | 中心书库中库/ 中库025架A面3列4层11/ [索取号:TS205.6/170] | 在馆 | |
| 2 | 067135 | 201277019 | 中心书库中库/ 中库025架A面3列4层12/ [索取号:TS205.6/170] | 在馆 | |
| 3 | 067136 | 201277000 | 中心书库中库/ 中库025架A面3列4层13/ [索取号:TS205.6/170] | 在馆 | |
| 4 | 067137 | 201276993 | 中心书库中库/ 中库025架A面3列4层14/ [索取号:TS205.6/170] | 在馆 |